1266 1827 1531 1180 1098 1388 1808 1460 1146 1246 1471 1050 1908 1654 1709 1872 1205 1627 1233 1583 1040 1803 1290 1900 1286 1403 1786 1816 1019 1187 1606 1703 1758 1549 1136 1321 1102 1026 1388 1831 1071 1433 1688 1549 1719 1435 1795 1136 1468 1543 1817 1783 1990 1312 1734 1052 1377 1661 1734 1772 1947 1778 1346 1294 1600 1419 1701 1335 1009 1067 1792 1548 1605 1233 1420 1791 1213 1107 1483 1373 1238 1499 1994 1631 1483 1746 1819 1443 1503 1761 1683 1289 1120 1455 1799 1687 1620 1978 1020 BCNSPRNW ULIB Ver.6.0+V

เปลี่ยนเป็นภาษาไทย

Change to English
 แสดงรายละเอียดบรรณานุกรม
  กลับหน้าหลัก

Brief Record : Get Marc (ISO 2709) : E-mail record : QR code < ปิดหน้าต่าง
LEADER : 00000nam 2200000uu 4500
001    13399126266
003     ULIB
008    180827s2561||||th 000 0 tha d
020    ^a9789740337393^c320
060 04 ^aWK810 ^bว711ร
245 00 ^aโรคเบาหวานชนิดที่ 2/การป้องกันและการสนับสนุนการจัดการตนเอง /^cวิโรจน์ เจียมจรัสรังษี, บรรณาธิการและผู้นิพนธ์
250    ^aพิมพ์ครั้งที่ 1
260    ^a[กรุงเทพฯ] : ^bศูนย์หนังสือจุฬาลงกรณ์มหาวิทยาลัย,^c2561
300    ^a(18), 361 หน้า : ^bภาพประกอบ
504    ^aบรรณานุกรมท้ายบท
504    ^aดัชนีท้ายเล่ม
650  7 ^aเบาหวานชนิดไม่พึ่งอิซูลิน
650  7 ^aเบาหวานชนิดไม่พึ่งอินซูลิน--การป้องกันและควบคุม
945    ^p320^l0^i004439
945    ^p320^l0^i004440
945    ^p320^l0^i004441
999    ^aประนอม เกษจรัล
รายการนี้ยังไม่มีแท็ก
คุณยังไม่ได้ล็อกอิน คุณสามารถมีกิจกรรมร่วมกับเว็บไซต์ได้ แต่ต้องล็อกอินก่อน ::
  ล็อกอิน

รายการสื่อสารสนเทศ

ลำดับที่ ประเภท เลขเรียก/บาร์โค้ด สถานที่ สถานะ
1. วิทยาศาสตร์การแพทย์ และสุขภาพ
หนังสือสำรอง
สถานะ=หนังสือสำรอง
WK810 ว711ร ฉ.1 
  Barcode: 004439
ห้องสมุดวิทยาเขตสวรรค์ประชารักษ์
►หนังสือทั่วไป
ถูกยืม กำหนดส่งวันที่ 2 ตุลาคม 2568
  จอง
2. วิทยาศาสตร์การแพทย์ และสุขภาพ
วิทยาศาสตร์การแพทย์ และสุขภาพ
WK810 ว711ร ฉ.2 
  Barcode: 004440
ห้องสมุดวิทยาเขตสวรรค์ประชารักษ์
►หนังสือทั่วไป
บนชั้น
3. วิทยาศาสตร์การแพทย์ และสุขภาพ
วิทยาศาสตร์การแพทย์ และสุขภาพ
WK810 ว711ร ฉ.3 
  Barcode: 004441
ห้องสมุดวิทยาเขตสวรรค์ประชารักษ์
►หนังสือทั่วไป
ถูกยืม กำหนดส่งวันที่ 23 เมษายน 2569
  จอง

รายการใกล้เคียง
    หัวเรื่อง [เบาหวานชนิดไม่พึ่งอิซูลิน]
    หัวเรื่อง [เบาหวานชนิดไม่พึ่งอินซูลิน--การป้องกันและควบคุม]

BibComment


ยังไม่เคยถูกคอมเมนท์

คอมเมนท์ทรัพยากรรายการนี้
  คอมเมนท์: โรคเบาหวานชนิดที..


 Copyright 2026. Bcnsprnw @Library